Oficios para la mujer / Escuela Elemental del Trabajo de la Diputación Provincial de Barcelona
Descripción Física:
1 f. plegat : il. ; 21 cm
MARC
| LEADER | 00000nam a2200000Ia 4500 | ||
|---|---|---|---|
| 001 | 17494 | ||
| 008 | 160829s1945?] xx 000 0 cat d | ||
| 080 | |a FU-47-52 | ||
| 100 | |a Escola Elemental del Treball (Barcelona) |9 55345 | ||
| 245 | |a Oficios para la mujer / Escuela Elemental del Trabajo de la Diputación Provincial de Barcelona | ||
| 260 | |a [Barcelona: |b La Escuela, |c 1945?] | ||
| 300 | |a 1 f. plegat : |b il. ; |c 21 cm | ||
| 590 | |a Prové de S-444. Hi ha un duplicat amb R. 17495: DUP-65-41 | ||
| 650 | |a Dones |x Formació professional |x Catalunya |x S. XX |9 47150 | ||
| 650 | |a Escola Elemental del Treball (Barcelona) |x Currículums |9 46987 | ||
| 710 | 1 | |a Barcelona (Catalunya : Província). |b Diputació |9 52408 | |
| 856 | 4 | |u https://media.diba.cat/diba/fitxers/arxiu/fulletons/bib_17494_baixa.pdf |y Accés lliure | |
| 856 | 4 | |u https://media.diba.cat/diba/fitxers/arxiu/fulletons/bib_17494_baixa.pdf |y Accés lliure | |
| 901 | |a Arxiu | ||
| 942 | |n 1 |2 udc | ||
| 952 | |0 0 |1 0 |4 0 |6 FU4752 |7 1 |9 53696 |a Arxiu |b Arxiu |d 2016-12-01 |l 0 |o FU-47-52 |p 17494 |r 2016-12-01 00:00:00 |w 2016-12-01 |y ARXIU | ||
| 999 | |c 57562 |d 57562 | ||
| 900 | |a bib_17494_baixa.pdf | ||